| 000 | 00715nam a22002537a 4500 | ||
|---|---|---|---|
| 003 | CHAP | ||
| 005 | 20220329134703.0 | ||
| 008 | 971013s1977 r 00010 d | ||
| 010 | _a24198 | ||
| 011 | _a25170 | ||
| 035 | _a29270 | ||
| 040 | _cCHAP | ||
| 090 | _aFolleto 11989 | ||
| 110 |
_aImpulsora Agrícola, S. A. México _957503 |
||
| 245 | _aSoy tu grano de cebada | ||
| 260 |
_aMéxico, D.F. : _bLa Impulsora, _c1977 |
||
| 300 |
_aHoja desplegable _b: ilus |
||
| 590 |
_aBATCH-UPD _b10 _c20130110 _lUCH01 _h2136 |
||
| 590 |
_aCONVERSION _b10 _c20130109 _lUCH01 _h1314 |
||
| 650 | 1 | 4 |
_aCebada _xSemilla. _920708 |
| 901 | _aBK | ||
| 942 | _cFOLL | ||
| 949 |
_aFolleto 11989 _bBC _cFOLL _d-67664 _eTS1 _i29270 _mD _si |
||
| 999 |
_c24198 _d24198 |
||